Movies Quiz

Random Movies Quiz
Score 0/23 Timer 06:00
0 Plays Today
Character Movie % Correct
Pepper BrooksDodgeball: A True Underdog Story
51.4%
Mark LoringJuno
47.4%
JasonCouples Retreat
42.3%
Ray EmbryHancock
40.2%
Todd HowardTeen Wolf Too
33.9%
JoelExtract
33.6%
KevinStarsky & Hutch
28.8%
RigglemanThe Break-Up
22.8%
Animal Instincts DetectiveForgetting Sarah Marshall
21.3%
Rupert 'Rip' ReedSmokin' Aces
17.7%
Adam LeavittThe Kingdom
15.9%
DoctorThe Invention of Lying
15.9%
Character Movie % Correct
Henry Weston, the MutantMr. Magorium's Wonder Emporium
15%
Craig GregoryUp in the Air
15%
Dominic FoyState of Play
13.2%
Roger DonahueThe Sweetest Thing
11.1%
Jarvis EdisonNecessary Roughness
9%
Retreat LeaderThe Promotion
8.1%
Chip SandersFast Track
5.1%
Jesse TravisLove Stinks
4.2%
Phil SteplerBreaking the Rules
3.9%
SpiderSol Goode
3.3%
DarkosArthur and the Invisibles
2.7%

You're not logged in!

Compare scores with friends on all Sporcle quizzes.
OR
Log In

Sporcle TV

Today on Sporcle TV


Watch our educational content, quiz creation guides, and fun videos on Sporcle TV.

Show Comments

Extras

Top Quizzes Today


Score Distribution

Paid Content

Your Account Isn't Verified!

In order to create a playlist on Sporcle, you need to verify the email address you used during registration. Go to your Sporcle Settings to finish the process.

Report this User

Report this user for behavior that violates our Community Guidelines.

Details: